000 01100nas a2200337 4500
001 BR2012004893
003 BR-BrBNA
005 20231205120812.0
007 ta
008 230509b bl.|||p| |||| 00| 00por d
040 _aBR-BrBNA
_bpor
_cBiblioteca Nacional de Agricultura
041 _a(Pt)
072 _aJ10
100 1 _aAraújo, E.F.
100 1 _aGalvão, J.C.C.
100 1 _aMiranda, G.V.
100 1 _aAraújo, R.F.
245 1 _aQualidade fisiológica de sementes de milho-doce submetidas à debulha, com diferentes graus de umidade
246 1 _aSweet corn seed physiological quality, supercode cultivar, submitted to thresh with different moisture contents
650 _aMILHO DOCE
650 _aSEMENTE
650 _aDEBULHA
650 _aDEBULHADEIRA
650 _aQUALIDADE
650 _aARMAZENAMENTO
650 _aDANO MECÂNICO
650 _aTEOR DE UMIDADE
773 0 _tRevista Brasileira de Milho e Sorgo (Brazil)
_xISSN 1676-689X
_g(May-Aug 2002), v. 1(2) p. 101-110
_wBR2012004893
909 _a202311
_bLúcia
_c55
_dLúcia Elande
942 _2AGRIS
_n0
_cANA
999 _c220388
_d220388